• 首页
  • 本馆介绍
  • 公告通知
  • 最新文献
  • 馆藏检索
  • 电子资源
  • 读者导购
  • 参考咨询
  • 我的图书馆
  • 登录
  • 详细信息显示
  • 放入我的书架
  • 预约/预借图书
  • 作者相关作品
  • 分类相关作品
  • 丛书相关作品
  • 出版社相关作品

书目信息

  • 表格格式
  • 工作单格式
  • 卡片格式
题名:
数字图像处理与图像通信
    
 
作者: 朱秀昌 , 刘峰 , 胡栋 编著
分册:  
出版信息: 北京   北京邮电大学出版社  2016.8
页数: 331页
开本: 26cm
丛书名:
单 册:
中图分类: TN911.73 , TN919.85
科图分类:
主题词: 数字图象处理--高等教育--教材 , 数字通信--图象通信--高等教育--教材
电子资源:
ISBN: 978-7-5635-4785-2
000 01180nam0 2200301 450
001 0400004608
005 20171026145410.67
010    @a978-7-5635-4785-2@dCNY43.00
100    @a20160819d2016 em y0chiy50 ea
101 0  @achi
102    @aCN@b110000
105    @aa z 000yy
106    @ar
200 1  @a数字图像处理与图像通信@9shu zi tu xiang chu li yu tu xiang tong xin@f朱秀昌,刘峰,胡栋编著
205    @a第4版
210    @a北京@c北京邮电大学出版社@d2016.8
215    @a331页@c图@d26cm
300    @a普通高等教育“十一五”国家级规划教材 “十二五”江苏省高等学校重点教材
330    @a本书主要介绍数字图像处理和图像通信方面的基本原理、主要技术和典型应用。全书共分13章,叙述了数字图像信号的基本特征,数字图像处理的基本原理和方法,静止和活动图像的压缩编码、网络传输,图像处理和图像通信领域的部分新技术和新应用。
606 0  @a数字图象处理@x高等教育@j教材
606 0  @a数字通信@x图象通信@x高等教育@j教材
690    @aTN911.73@v5
690    @aTN919.85@v5
701  0 @a朱秀昌@9zhu xiu chang@f(1947~)@4编著
701  0 @a刘峰@9liu feng@c(计算机)@4编著
701  0 @a胡栋@9hu dong@4编著
801  0 @aCN@b91MARC@c20171024
905    @b1038495-9@dTN911.73@f5@e229=4
    
    数字图像处理与图像通信/朱秀昌,刘峰,胡栋编著.-第4版.-北京:北京邮电大学出版社,2016.8
    331页:图;26cm
    普通高等教育“十一五”国家级规划教材 “十二五”江苏省高等学校重点教材
    
    ISBN 978-7-5635-4785-2:CNY43.00
    本书主要介绍数字图像处理和图像通信方面的基本原理、主要技术和典型应用。全书共分13章,叙述了数字图像信号的基本特征,数字图像处理的基本原理和方法,静止和活动图像的压缩编码、网络传输,图像处理和图像通信领域的部分新技术和新应用。
●
相关链接 在E读中查询图书 在五车中查询图书 在当当中查询图书 在豆瓣中查询图书


正题名:数字图像处理与图像通信     索取号:TN911.73/229=4         预约/预借

序号 登录号 条形码 馆藏地/架位号 状态 备注
1 1038495   210384957   第二样本阅览室/ [索取号:TN911.73/229=4] 在馆    
2 1038496   210384966   密集书库-物理学院/ [索取号:TN911.73/229=4] 在馆    
3 1038497   210384975   第三借阅区/ [索取号:TN911.73/229=4] 在馆    
4 1038498   210384984   第三借阅区/ [索取号:TN911.73/229=4] 在馆    
5 1038499   210384993   第三借阅区/ [索取号:TN911.73/229=4] 在馆    
唐山师范学院图书馆 欢迎您!
大连网信软件有限公司© 版权所有